00767nam a22002057a 4500999001900000005001700019010001500036020002600051035001400077037001300091082001900104100002700123245009600150260004000246270004000286300002300326500005000349942003300399952012900432 c174845d17484520200715130211.0 aENG-128274 c450.00a9788183245074 aEN-111806 bDBAD/PUB a305.5630954123 aKumar Amarendra Narain aSocio-Economic and Political Problems of Agricultural Labourers/cby Kumar Amarendra Narain aNew DelhibMittal Publicationc2014 a4594/9,DaryaganjbNew Delhie110002 aix;121p.c24cm(hb) aincludes bibliographical references and index 2ddccENh305.5630954123mKUM 001040708NFICaAVbAVd2020-07-15eDBAD/PUBg450.00l0o305.5630954123 KUMpEN-111806r2020-07-15 00:00:00t1v450.00yEN